Jamaica Bay and Kennedy Airport: a multidisciplinary environmental study ; a report.

Bibliographic Details
Corporate Authors: Jamaica Bay Environmental Study Group, National Research Council (U.S.). Environmental Studies Board
Format: Book
Language:English
Published: Washington : National Academy of Sciences, 1971.
Subjects:

MARC

Tag First Indicator Second Indicator Subfields
LEADER 00000cam a2200000 4500
001 in00000096251
005 20150925085956.0
008 710419s1971 dcuab b 00000 eng
010 |a  78610437  
020 |a 0309018714 
035 |a (OCoLC)00133683 
035 |9 AAL2210AM 
040 |a DLC  |c DLC  |d TXA  |d UtOrBLW 
043 |a n-us-ny 
049 |a TXAM  |v 1 [1143778]  |v 2 [1143779] 
050 0 0 |a TL725.3.P5  |b J3 
082 0 |a 333.7/7 
110 2 |a Jamaica Bay Environmental Study Group. 
245 1 0 |a Jamaica Bay and Kennedy Airport: a multidisciplinary environmental study ;  |b a report. 
264 1 |a Washington :  |b National Academy of Sciences,  |c 1971. 
300 |a 2 volumes :  |b illustrations, maps (part color) ;  |c 28 cm. 
336 |a text  |b txt  |2 rdacontent 
337 |a unmediated  |b n  |2 rdamedia 
338 |a volume  |b nc  |2 rdacarrier 
500 |a At head of title: Environmental Studies Board. 
504 |a Bibliography: volume 2, pages 139-145. 
651 0 |a John F. Kennedy International Airport. 
650 0 |a Environmental policy  |z Jamaica Bay. 
710 2 |a National Research Council (U.S.).  |b Environmental Studies Board. 
999 |a MARS 
999 f f |s 853b90b2-f090-30b7-89b6-04737eba97ee  |i 61fd8d1c-f68d-3147-ba6c-b0194a36a5da  |t 0 
952 f f |p ric  |a Texas A&M University  |b Rellis Campus  |c Joint Library Facility  |s JLF  |d Remote Storage  |t 0  |e TL725.3.P5 J3  |h Library of Congress classification  |i unmediated -- volume  |k v.2  |m A14805552538 
952 f f |p ric  |a Texas A&M University  |b Rellis Campus  |c Joint Library Facility  |s JLF  |d Remote Storage  |t 0  |e TL725.3.P5 J3  |h Library of Congress classification  |i unmediated -- volume  |k v.1  |m A14805552520 
998 f f |a TL725.3.P5 J3  |s v.1-2  |t 0  |l Remote Storage